000 00284nam a2200121Ia 4500
008 220204s9999 xx 000 0 und d
082 _a641.85
_bWAL
100 _aEvelyn
245 0 _aCake decorating and sugar craft
250 _aEd.3
260 _aLondon
_bHamlyn
_c1975
942 _cBK
999 _c32804
_d32804